000 01012cab a2200265 4500
001 ABS59903
008 090401t1999 xxu||||| |||| 00| 0 eng d
035 _a(Sirsi) u90865
041 _aeng
100 _aCook, A.
245 _aEnergy efficiency: thin-film photovoltaics
260 _c1999
350 _a0
490 _aBuilding
_v263(8071) 22 January 1999, 52-54(3)
520 _aDiscusses new thin-film photovoltaic panels which have been developed by Canon for use on its headquarters building at Reigate in Surrey. The new technology makes photovoltaics more economically viable, however Canon has no plans at this stage to launch the system in the UK. Includes cost breakdown.
650 _aENERGY EFFICIENCY
650 _aPHOTOVOLTAIC CELLS
650 _aPHOTOVOLTAICS
650 _aROOFING
650 _aBUILT ENVIRONMENT-BUILDING ELEMENTS-COMPLETE BUILDING ELEMENTS-ROOFS
650 _aSOLAR POWER
690 _aBUILDING AND CONSTRUCTION-ENERGY
942 _n0
948 _c22/01/1999
999 _c57641
_d57641